000 01240nam a22003737a 4500
001 BR7314336
003 BR-BrBNA
005 20230928084304.0
007 ta
008 230509b bl.||||| |||| 00| 0 por d
040 _aBR-BrBNA
_bpor
_cBiblioteca Nacional de Agricultura
041 _a(Por)
072 _aE10; F25; E70
_b3820
_b3830
_b3810
_b3840
_b/G514
090 _ 3820 BR7314336
110 1 _aAgencia Norte-americana para o Desenvolvimento Internacional, Rio de Janeiro, GB (Brasil)
_935
245 1 _aEstudo tecnico-economico sobre a exequibilidade de aumento na fabricacao e uso de fertilizantes, calcario e sais minerais no Brasil [Demanda; Transporte; Nitrogenio; Fosfato; Industrializacao]
260 3 _aRio de Janeiro, GB (Brasil):
_c1964.
300 _a303 p.
500 _aSummary (Por); 120 tables; 58 illus.; Bibliography p. 156-158 (114 ref.)
650 _aABASTECIMENTO
650 _aFERTILIZANTE
650 _aCONSUMO
650 _aDEMANDA
650 _aTRANSPORTE
650 _aNITROGENIO
650 _aFOSFATO
650 _aCALCARIO
650 _aSAIS MINERAIS
650 _aPOTASSIO
650 _aINDUSTRIALIZACAO
650 _aCUSTO
909 _a202309
_bLucia
_c55
_dLucia Elande
942 _cBK
999 _c17947
_d17947